Disney Characters by Silhouette - Statistics

General Stats
  • This quiz has been taken 37,200 times
  • The average score is 11 of 16
Answer Stats
Picture Answer % Correct
Ariel
97%
Goofy
95%
Woody
93%
Simba
92%
Stitch
86%
Dory
78%
Mrs Incredible
74%
Quasimodo
68%
Alice
67%
Boo
63%
Mowgli
60%
Mater
58%
Disgust
55%
Scrooge McDuck
50%
Mrs Potts
44%
Kuzco
42%
No matching quizzes found
Score Distribution
Percent of People with Each Score
Percentile by Number Answered
Your Score History
You have not taken this quiz